| 000 | 01202nam1a22003011 4500 | ||
|---|---|---|---|
| 001 | RU\NLR\BIBL_A\022670789 | ||
| 005 | 20251123001942.0 | ||
| 010 | _9300 | ||
| 035 | _a(NLR Aleph) 022670789 | ||
| 090 |
_a88936 _c88936 |
||
| 100 | _a20251121d1945 u y0rusy50 ca | ||
| 101 | 0 | _arus | |
| 102 | _aRU | ||
| 105 | _aa zzzz || | ||
| 181 | 0 |
_ai _baxxe |
|
| 182 | 0 | _an | |
| 200 | 1 |
_aТехнология турбокотлостроения _fВоен.-морская акад. им. К.Е. Ворошилова. Кафедра паровых турбин _gПод ред. проф., д-ра техн. наук, инж.-контр.-адм. Яновского М.И. |
|
| 203 |
_aТекст _bвизуальный _cнепосредственный |
||
| 210 |
_aЛ. _d1945 |
||
| 215 | _d30 | ||
| 300 | _aПеред загл. авт.: доц., инж.-кап. 1 ранга Плотников М.И. | ||
| 309 | _aОтпеч. множит. аппаратом | ||
| 700 | 1 |
_aПлотников _bМ. И. _gМихаил Иванович _4070 _4340 |
|
| 852 |
_aNLR _j67-8/656 |
||
| 942 | _cBOOK | ||
| 945 | _aРоссийская национальная библиотека | ||
| 980 | _aBV | ||